| 000 | 04698namaa22004211i 4500 | ||
|---|---|---|---|
| 003 | OSt | ||
| 005 | 20250223033042.0 | ||
| 008 | 230416s2022 ua a frm 000 arand d | ||
| 040 |
_aEG-GICUC _bara _cEG-GICUC _dEG-GICUC _erda |
||
| 041 | 0 |
_aara _bara _beng |
|
| 049 | _aايداع | ||
| 082 | 0 | 4 | _a214.9 |
| 092 | 0 | 4 |
_a214.9 _221 |
| 097 | _aماجستير | ||
| 099 | _aCai01.02.09.M.A.2022.شر.د. | ||
| 100 | 0 |
_aشروق محمود أنور، _eإعداد. |
|
| 245 | 1 | 0 |
_aدراسة نقدية لثقافة ”هوي” في رواية )جنازة المسلمين(للكاتبة ”خو دا” / _cاعداد شروق محمود أنور ؛ اشراف ا.د. رحاب محمود، ا.د. يسرا كامل كامل. |
| 246 | 1 | 5 | _aA critical study for ”Hui” nation’s culture in (Muslim Funeral )novel By “Huo Da” |
| 264 | 0 | _c2022. | |
| 300 |
_a89 صفحة. ؛ _c30 cm. + _eCD. |
||
| 336 |
_2rda content _atext |
||
| 337 |
_2rdamedia _aUnmediated |
||
| 338 |
_2rdacarrier _avolume |
||
| 502 | _aأطروحة (دكتواره)-جامعة القاهرة، 2022. | ||
| 504 | _aببليوجرافيا: صفحات. 82. | ||
| 520 | _aلطالما كان للإسلام تأثير كبير على التاريخ والثقافة. لكن المسلمين واجهوا نفس المشاكل الاجتماعية في أوقات مختلفة وبلدان مختلفة ، ولديهم أيضًا نفس العادات والتقاليد ؛ أي لا يمكنهم أكل لحم الخنزير أو شرب الكحول. على الرغم من أن الإسلام دخل في بلدان مختلفة ، إلا أن الأشخاص الذين يؤمنون بهذا الدين يتمتعون جميعًا بنفس العادات والتقاليد لأن ثقافتهم تشمل تعاليم الإسلام.كما تعكس ”جنازة المسلم” لهدى ثقافة الإسلام في ثلاثة عصور مختلفة.من خلال قرأت الكثير من الأدبيات عن ثقافة الأسلام في مصر و الصين و أيضا بعد تحليل رواية 》 جنازة المسلمين 《: خو دا تعرفتُ علي الأتي 89 1.علي الرغم من أن الإسلام دخل في بلدان مختلفة و ثقافات مختلفة الأ أن له نفس التعاليم الدينة 2.هناك بعض الأختلافات في الثقافة الإسلامية بين مصر و الصين 3.الأسرة و المجتمع كان لهم تأثير اً كبيراُ علي فكر الكاتبة خو دا 4.قومية هوي من أكبر الأقليات المسلمة في الصين و أقدمها علي الأطلاق | ||
| 520 | _aThrough this thesis, we shed light on the literature of Chinese minorities, as well as the different cultures between Muslims in Egypt and Muslims in China ‘Customs and traditions can be arisen by the different cultures of people, and through customs and traditions we can learn about different cultures . Different cultures have different characteristics, and literature is a reflection of different national cultures. This study is a comparison between Islamic cultures in China and Egypt which is one of the central issues in modern and contemporary literary circles. This article analyzes the similarities and differences between the customs and traditions of the two countries, through the ”Muslim funeral”. Researching in the customs and traditions of peoples is one of the most important literary aspects at all, although there are many and many graduated students who tend to present many theses that discuss customs and traditions from different angles. However, there are not many who research the customs and traditions of Muslims in Egypt and China. And because I am one of those who are interested in knowing the different cultures of peoples, this topic aroused my interest, and that is why I decided to write this thesis. Through this article, I discuss Islamic customs and traditions in Egypt and China, | ||
| 530 | _aصدر أيضًا كقرص مدمج. | ||
| 546 | _aالنص بالعربية والملخص بالإنجليزية. | ||
| 650 |
_aالاسلام _2qrmak |
||
| 653 |
_aقومية هوي. _aالإسلام _aالكاتبة خودا. |
||
| 700 | 0 |
_aيسرا كامل كامل. _eمشرف أطروحة. |
|
| 700 | 0 |
_aرحاب محمود. _eمشرف أطروحة. |
|
| 900 |
_b01-01-2022 _cيسرا كامل كامل. _cرحاب محمود. _dمرفت علي. _dدونغ تشوى شوى. _Uجامعة القاهرة. _Fكلية الاداب. _Dقسم اللغة الصينية |
||
| 905 | _aNadia | ||
| 942 |
_cTH _2ddc |
||
| 999 | _c162765 | ||